| 000 | 00629nam a2200205Ia 4500 | ||
|---|---|---|---|
| 003 | GCL | ||
| 008 | 140319s9999 xx 000 0 eng d | ||
| 040 |
_aGCL / _cGCL |
||
| 082 | 0 | 4 |
_a953 _bI A |
| 100 | 1 | _aISSAWR, CHARLES | |
| 245 | 1 | 0 |
_aAN ARAB PHILOSOPHY OF HISTORY : _bSELECTIONS FROM THE PROLEGOMENA OF IBN KHALLDUN OF TUNIS (1332 - 1406) / _cISSAWR, CHARLES |
| 700 | 1 | _aIBN KHALDUN | |
| 260 |
_aالقاهرة : _bTHE AMERICAN UNIVERSITY IN CAIRO PRESS ، _c1992 |
||
| 300 |
_a20 CM ؛ _c192 P |
||
| 650 | 0 | 4 | _aHISTORIANS |
| 650 | 0 | 4 | _aISLAM - HISTORY |
| 650 | 0 | 4 | _aPHILOSOPHY |
| 650 | 0 | 4 | _aHISTORY |
| 942 |
_2ddc _cBK |
||
| 999 |
_c12547 _d12547 |
||